Statistics for Formula 1 2022 Racers

Click here to take the quiz!

General Stats

  • This quiz has been taken 16 times
  • The average score is 17 of 20

Answer Stats

Racer's#Racer% Correct
#44Lewis Hamilton
100%
#1Max Verstappen
100%
#3Daniel Ricciardo
93%
77#Valterri Bottas
93%
#63George Russell
87%
#18Lance Stroll
87%
#4Lando Norris
87%
#47Mick Schumacher
87%
#10Pierre Gasly
87%
#5Sebastian Vettel
87%
#11Sergio Perez
87%
#22Yuki Tsunoda
87%
#24Zhou Guanyu
87%
#23Alex Albon
80%
#55Carlos Sainz
80%
#16Charles Leclerc
80%
#31Esteban Ocon
80%
#14Fernando Alonso
80%
#6Nicholas Latifi
80%
#20Kevin Magnussen
73%

Score Distribution

Percentile by Number Answered

Percent of People with Each Score

Your Score History

You have not taken this quiz